[Event "FRA Team Ch"]
[Site "Noyon"]
[Date "2001.02.03"]
[Round "2.6"]
[White "Apicella, Manuel"]
[Black "Catteau, Bruno"]
[Result "1-0"]
[WhiteElo "2518"]
[BlackElo "2193"]
[Annotator "Clichy-Cappelle"]
[PlyCount "87"]
[EventDate "2001.02.??"]

1. e4 c5 2. Nf3 e6 3. d4 cxd4 4. Nxd4 a6 5. c4 Nf6 6. Bd3 Nc6 7. Be3 Ne5 8. O-O
Nxd3 9. Qxd3 d6 10. f3 Be7 11. Nc3 O-O 12. a4 Qc7 13. a5 Bd7 14. Rfc1 Rac8 15.
b3 Rfe8 16. Kh1 h6 17. Nde2 Qb8 18. Rd1 Bf8 19. Bf4 e5 20. Be3 Be6 21. Na4 Nd7
22. Nb6 Nxb6 23. axb6 Rc6 24. Nc3 Be7 25. Nd5 Bxd5 26. exd5 Rcc8 27. b4 Bg5 28.
Bf2 Rcd8 29. c5 Qc8 30. Qc4 Kh8 31. c6 f5 32. b5 axb5 33. Qxb5 e4 34. Bd4 Re7
35. cxb7 Rxb7 36. Qc6 Qb8 37. fxe4 Rc8 38. Ra7 Rxc6 39. dxc6 Rxb6 40. c7 Qxa7
41. c8=Q+ Kh7 42. Bxb6 Qxb6 43. Qxf5+ Kh8 44. Qf3 1-0

[Event "FRA Team Ch"]
[Site "Noyon"]
[Date "2001.02.03"]
[Round "2.7"]
[White "Couche, Didier"]
[Black "Renet, Olivier"]
[Result "0-1"]
[WhiteElo "2090"]
[BlackElo "2494"]
[Annotator "Cappelle-Clichy"]
[PlyCount "64"]
[EventDate "2001.02.??"]

1. d4 d5 2. c4 dxc4 3. Nf3 Nf6 4. e3 Bg4 5. Bxc4 e6 6. O-O Nbd7 7. Nc3 Bd6 8.
e4 e5 9. dxe5 Nxe5 10. Be2 Bxf3 11. Bxf3 O-O 12. Bg5 h6 13. Bh4 c6 14. Be2 Ng6
15. Bg3 Bxg3 16. hxg3 Qe7 17. Qc2 Rad8 18. Rad1 b5 19. a3 a5 20. Bf3 h5 21. Ne2
Ne5 22. Nd4 Qb7 23. Nb3 a4 24. Nc5 Qe7 25. Be2 Neg4 26. Rxd8 Rxd8 27. Rd1 Rxd1+
28. Bxd1 h4 29. Bxg4 Nxg4 30. gxh4 Qxh4 31. g3 Qh2+ 32. Kf1 Ne3+ 0-1

[Event "FRA Team Ch"]
[Site "Noyon"]
[Date "2001.02.03"]
[Round "2.8"]
[White "Pavlovic, Milos"]
[Black "Marchyllie, Bruno"]
[Result "1-0"]
[WhiteElo "2496"]
[BlackElo "2182"]
[Annotator "Clichy-Cappelle"]
[PlyCount "101"]
[EventDate "2001.02.??"]

1. e4 e5 2. Nf3 Nc6 3. Bb5 a6 4. Ba4 d6 5. O-O Bd7 6. d4 b5 7. Bb3 Nxd4 8. Nxd4
exd4 9. c3 dxc3 10. Qh5 g6 11. Qd5 Be6 12. Qc6+ Bd7 13. Qxc3 Qf6 14. Qxc7 Rc8
15. Qb6 Bg7 16. Nc3 Ne7 17. Rd1 O-O 18. Qxd6 Be6 19. e5 Qxe5 20. Qxe7 Rfe8 21.
Qg5 Bxb3 22. Qxe5 Bxd1 23. Qxe8+ Rxe8 24. Be3 Bxc3 25. bxc3 Be2 26. a4 Rd8 27.
axb5 axb5 28. Bd4 Bc4 29. f3 Bd5 30. Ra5 Bc4 31. Kf2 Re8 32. g4 h6 33. h4 Bd3
34. Ra7 Re2+ 35. Kg3 Re8 36. Rb7 Bc4 37. Rb6 Kh7 38. f4 h5 39. f5 hxg4 40.
fxg6+ fxg6 41. Rb7+ Kg8 42. Rg7+ Kf8 43. Rxg6 Ke7 44. h5 Rg8 45. Rb6 Bd3 46. h6
Kd7 47. h7 Bxh7 48. Rb7+ Kc6 49. Rxh7 Rd8 50. Rh6+ Kd5 51. Rh5+ 1-0

[Event "FRA Team Ch"]
[Site "Noyon"]
[Date "2001.02.03"]
[Round "2.9"]
[White "Bulte, Isabelle"]
[Black "Sebag, Marie"]
[Result "0-1"]
[WhiteElo "1730"]
[BlackElo "2298"]
[Annotator "Cappelle-Clichy"]
[PlyCount "36"]
[EventDate "2001.02.??"]

1. e4 e5 2. Nf3 Nc6 3. Bc4 Bc5 4. d3 Nf6 5. Bg5 d6 6. c3 h6 7. Bh4 Qe7 8. Nbd2
a6 9. b4 Ba7 10. a4 Nd8 11. h3 Ne6 12. Bxe6 Bxe6 13. Qe2 g5 14. Bg3 Nh5 15. Bh2
Qf6 16. O-O-O a5 17. Nxe5 Nf4 18. Bxf4 gxf4 0-1

[Event "FRA Team Ch"]
[Site "Bischwiller"]
[Date "2001.02.03"]
[Round "2.3"]
[White "Galdunts, Sergei"]
[Black "Turner, Matthew"]
[Result "1-0"]
[WhiteElo "2510"]
[BlackElo "2498"]
[Annotator "Bischwiller-Nancy"]
[PlyCount "69"]
[EventDate "2001.02.04"]

1. e4 e6 2. d3 d5 3. Qe2 Nf6 4. Nf3 b6 5. e5 Nfd7 6. g3 c5 7. Bg2 Bb7 8. c4 d4
9. Nh4 Bxg2 10. Nxg2 Nc6 11. f4 Be7 12. Nd2 O-O 13. O-O Qc7 14. Ne1 Rae8 15.
Nef3 f6 16. exf6 Bxf6 17. Ne4 g6 18. Bd2 Bg7 19. Qg2 e5 20. Nfg5 h6 21. Nf3
exf4 22. gxf4 Ne7 23. Nh4 Kh7 24. Rf3 Bf6 25. Nxf6+ Rxf6 26. Re1 Nf8 27. Rh3
Qc6 28. Qxc6 Rxc6 29. f5 Rcc8 30. Bxh6 Kxh6 31. f6 Kg5 32. fxe7 Nd7 33. Re6 Nf6
34. Kg2 Rh8 35. Rg3+ 1-0

[Event "FRA Team Ch"]
[Site "Bischwiller"]
[Date "2001.02.03"]
[Round "2.4"]
[White "Arkell, Keith C"]
[Black "Gnichtel, Gerd"]
[Result "1/2-1/2"]
[WhiteElo "2442"]
[BlackElo "2244"]
[Annotator "Nancy-Bischwiller"]
[PlyCount "62"]
[EventDate "2001.02.04"]

1. d4 Nf6 2. Nf3 g6 3. c4 Bg7 4. g3 O-O 5. Bg2 d6 6. O-O Nbd7 7. d5 Re8 8. Nc3
e5 9. dxe6 Rxe6 10. Bf4 Nc5 11. Be3 Nce4 12. Nxe4 Nxe4 13. Bd4 Re8 14. Bxg7
Kxg7 15. Qd4+ Qf6 16. Rfd1 Bg4 17. h3 Bxf3 18. exf3 Qxd4 19. Rxd4 Nf6 20. f4
Re2 21. Rb1 Rae8 22. Kf1 Rc2 23. Bf3 c5 24. Bd1 Rxf2+ 25. Kxf2 cxd4 26. Bf3
Ne4+ 27. Kg2 Nd2 28. Rd1 Nxf3 29. Kxf3 Re3+ 30. Kf2 Re4 31. Rd3 b6 1/2-1/2

[Event "FRA Team Ch"]
[Site "Bischwiller"]
[Date "2001.02.03"]
[Round "2.5"]
[White "Blot, Jerome"]
[Black "Spielmann, Alain"]
[Result "1/2-1/2"]
[WhiteElo "2324"]
[BlackElo "2294"]
[Annotator "Bischwiller-Nancy"]
[PlyCount "129"]
[EventDate "2001.02.04"]

{16MB. NETZER
} 1. d4 d5 2. Nf3 Nf6 3. c4 dxc4 4. e3 e6 5. Bxc4 a6 6. Bb3 c5
7. O-O Be7 8. Qe2 cxd4 9. exd4 O-O 10. Rd1 Nc6 11. Bg5 Nd5 12. Bxe7 Ncxe7 13.
Nc3 b6 14. Nxd5 Nxd5 15. Rac1 Bb7 16. Qe5 Rc8 17. Rxc8 Qxc8 18. h4 Qd7 19. Qg3
Rc8 20. Ne5 Qe7 21. Nc4 Qc7 22. Nd6 Rd8 23. Nxb7 Qxb7 24. Rc1 h6 25. Qe5 Qd7
26. Bxd5 Qxd5 27. Qxd5 Rxd5 28. Rc6 Rb5 29. b3 g6 30. Kf1 a5 31. Rc4 Kg7 32.
Ke2 Kf6 33. g3 Rd5 34. Ke3 Ke7 35. Rc7+ Rd7 36. Rc8 h5 37. Rb8 Rd6 38. Rb7+ Kf6
39. Ke4 Rc6 40. Kd3 Kg7 41. a3 Kf6 42. b4 axb4 43. axb4 Kg7 44. Ke4 Kf6 45. f3
Rd6 46. b5 Kg7 47. g4 g5 48. hxg5 h4 49. f4 h3 50. Rc7 Rd5 51. Rc3 Rxb5 52.
Rxh3 Rb1 53. d5 Re1+ 54. Kd4 exd5 55. Kxd5 Rg1 56. Rb3 Rxg4 57. Ke5 f6+ 58.
gxf6+ Kf7 59. Rxb6 Rg1 60. Rb7+ Kf8 61. f7 Rg6 62. Rd7 Ra6 63. Kf5 Rb6 64. Kg5
Rg6+ 65. Kxg6 1/2-1/2

[Event "FRA Team Ch"]
[Site "Bischwiller"]
[Date "2001.02.03"]
[Round "2.6"]
[White "Nezar, Mustapha"]
[Black "Mohebbi, Jaffar"]
[Result "1-0"]
[WhiteElo "2292"]
[BlackElo "2318"]
[Annotator "Nancy-Bischwiller"]
[PlyCount "71"]
[EventDate "2001.02.04"]

1. e4 c5 2. Nf3 Nc6 3. d4 cxd4 4. Nxd4 Nf6 5. Nc3 e5 6. Ndb5 d6 7. a4 Be6 8.
Bg5 Rc8 9. Nd5 Bxd5 10. exd5 Nb8 11. Bxf6 gxf6 12. Bd3 a6 13. Nc3 h5 14. O-O
Nd7 15. Qf3 Qa5 16. Bf5 Be7 17. Ne4 Rh6 18. c3 Rd8 19. b4 Qc7 20. a5 Nf8 21.
Rfd1 h4 22. Rac1 Ng6 23. c4 Nf4 24. g3 hxg3 25. hxg3 Nh3+ 26. Bxh3 Rxh3 27. c5
Qb8 28. Nxf6+ Bxf6 29. Qxf6 Qc7 30. Kg2 Rh5 31. Rh1 Rxh1 32. Rxh1 dxc5 33. Rh8+
Kd7 34. Qxf7+ Kc8 35. Qxc7+ Kxc7 36. Rxd8 1-0

[Event "FRA Team Ch"]
[Site "Bischwiller"]
[Date "2001.02.03"]
[Round "2.7"]
[White "Peter, Sebastien"]
[Black "Adrian, Claude"]
[Result "1/2-1/2"]
[WhiteElo "2194"]
[BlackElo "2381"]
[Annotator "Bischwiller-Nancy"]
[PlyCount "34"]
[EventDate "2001.02.04"]

1. e4 c5 2. Nf3 Nc6 3. d4 cxd4 4. Nxd4 g6 5. c4 Nf6 6. Nc3 d6 7. Be2 Nxd4 8.
Qxd4 Bg7 9. Be3 O-O 10. Qd2 Be6 11. O-O a6 12. f3 Qa5 13. Rad1 Rfc8 14. Nd5
Qxd2 15. Rxd2 Nxd5 16. exd5 Bd7 17. Bb6 e6 1/2-1/2

[Event "FRA Team Ch"]
[Site "Bischwiller"]
[Date "2001.02.03"]
[Round "2.8"]
[White "Philippe, Christophe"]
[Black "Hoffmann, Regis"]
[Result "1-0"]
[WhiteElo "2356"]
[BlackElo "2177"]
[Annotator "Nancy-Bischwiller"]
[PlyCount "121"]
[EventDate "2001.02.04"]

1. e4 d6 2. d4 Nf6 3. Nc3 g6 4. Be3 c6 5. f3 b5 6. Qd2 Nbd7 7. g4 h5 8. g5 Nh7
9. f4 Bg7 10. Bd3 Nb6 11. Nf3 d5 12. Ne5 Bxe5 13. fxe5 Nc4 14. Bxc4 bxc4 15.
O-O O-O 16. exd5 cxd5 17. Qg2 Be6 18. Rad1 Qd7 19. Rf4 Rab8 20. Bc1 Bg4 21. Re1
Rbd8 22. Qg3 Bf5 23. Re2 e6 24. Ref2 Rb8 25. a3 Rfd8 26. Nd1 Qe7 27. h4 Nf8 28.
Ne3 Qd7 29. Kh2 Rb7 30. Qf3 a5 31. Bd2 Rb5 32. Bc3 Rdb8 33. Nd1 Qa7 34. Qe2 Qd7
35. Qd2 Ra8 36. Ne3 Rb7 37. Bxa5 Rxb2 38. Bb4 Rb1 39. Rf1 Rxf1 40. Rxf1 Qc6 41.
Rb1 Rb8 42. Qe1 Qb6 43. Qd1 Nd7 44. Rb2 Qa7 45. Qd2 Qa6 46. Qc3 Be4 47. Kg3 Rb7
48. Qd2 Nb8 49. Qf2 Qa7 50. Bc5 Qa6 51. Rxb7 Qxb7 52. Bb4 Nd7 53. Qe1 Qb5 54.
Kf2 Qa4 55. Qc3 Nb6 56. Bc5 Nd7 57. Bd6 Qa6 58. Qb4 Qa7 59. c3 Qa6 60. a4 Bd3
61. Qb5 {...} 1-0

[Event "FRA Team Ch"]
[Site "Bischwiller"]
[Date "2001.02.03"]
[Round "2.1"]
[White "Georgiev, Kiril"]
[Black "Kallai, Gabor"]
[Result "1-0"]
[WhiteElo "2676"]
[BlackElo "2543"]
[Annotator "Mulhouse-Strasbourg"]
[PlyCount "57"]
[EventDate "2001.02.04"]

1. d4 d5 2. c4 c6 3. Nc3 Nf6 4. Nf3 dxc4 5. a4 Bf5 6. Ne5 e6 7. f3 c5 8. e4
cxd4 9. exf5 Bb4 10. Bxc4 dxc3 11. Qxd8+ Kxd8 12. O-O Ke7 13. fxe6 fxe6 14.
bxc3 Bd6 15. Re1 Rc8 16. Ba2 Rxc3 17. Bb2 Rc2 18. Nd3 Rd2 19. Bb1 Bc5+ 20. Nxc5
Rxb2 21. Nxe6 Kd6 22. Nxg7 Nbd7 23. Bf5 Nc5 24. Ne6 Nb3 25. Rad1+ Rd2 26. Rxd2+
Nxd2 27. Rd1 Ke5 28. Bh3 Nb3 29. Rb1 1-0

[Event "FRA Team Ch"]
[Site "Bischwiller"]
[Date "2001.02.03"]
[Round "2.2"]
[White "Roos, Daniel"]
[Black "Sokolov, Andrei"]
[Result "1/2-1/2"]
[WhiteElo "2404"]
[BlackElo "2566"]
[Annotator "Strasbourg-Mulhouse"]
[PlyCount "66"]
[EventDate "2001.02.04"]

1. Nf3 Nf6 2. g3 b6 3. Bg2 Bb7 4. O-O c5 5. d3 g6 6. e4 Bg7 7. Nc3 O-O 8. Bg5
h6 9. Bd2 Nc6 10. Re1 d6 11. a3 Kh7 12. Rb1 Qd7 13. Nd5 Ng8 14. b4 e6 15. Ne3
Nd4 16. c3 Nxf3+ 17. Bxf3 Ne7 18. Bg2 cxb4 19. axb4 d5 20. exd5 Nxd5 21. Nxd5
Bxd5 22. Bxd5 Qxd5 23. d4 a5 24. bxa5 bxa5 25. Qa4 Rfb8 26. Be3 Rc8 27. Rb5 Rc4
28. Rxd5 Rxa4 29. Rd7 Kg8 30. Rb1 Rf8 31. Ra7 Rc4 32. Bd2 e5 33. Rxa5 exd4
1/2-1/2

[Event "FRA Team Ch"]
[Site "Bischwiller"]
[Date "2001.02.03"]
[Round "2.4"]
[White "Herbrechtsmeier, Christof"]
[Black "Koch, Jean-Rene"]
[Result "0-1"]
[WhiteElo "2336"]
[BlackElo "2507"]
[Annotator "Strasbourg-Mulhouse"]
[PlyCount "44"]
[EventDate "2001.02.04"]

1. e4 g6 2. d4 Bg7 3. Nc3 c6 4. Be3 d5 5. h3 dxe4 6. Nxe4 Bf5 7. Nc3 Nf6 8. Qd2
Nbd7 9. Bh6 Bxh6 10. Qxh6 Bxc2 11. g4 Be4 12. Rh2 Bd5 13. f4 Qa5 14. O-O-O
O-O-O 15. Rc2 Bxa2 16. Nxa2 Qxa2 17. Bc4 Qa1+ 18. Kd2 Qa5+ 19. Kc1 Nb6 20. Kb1
Nxc4 21. Rxc4 Nd5 22. Ne2 Qa6 0-1

[Event "FRA Team Ch"]
[Site "Bischwiller"]
[Date "2001.02.03"]
[Round "2.5"]
[White "Pelletier, Yannick"]
[Black "Roos, Louis"]
[Result "1-0"]
[WhiteElo "2548"]
[BlackElo "2381"]
[Annotator "Mulhouse-Strasbourg"]
[PlyCount "57"]
[EventDate "2001.02.04"]

1. Nf3 e6 2. c4 f5 3. g3 Nf6 4. Bg2 Be7 5. O-O O-O 6. d4 d5 7. b3 a5 8. Nc3 Ne4
9. Bb2 c6 10. Ne1 Nxc3 11. Bxc3 b6 12. Nd3 Ba6 13. Re1 Bf6 14. Rc1 Ra7 15. Bb2
dxc4 16. Nf4 Re8 17. bxc4 Rd7 18. e3 e5 19. Nh5 Be7 20. Qf3 Bb4 21. Red1 g6 22.
dxe5 gxh5 23. Qxh5 Bd2 24. Rc2 Bb4 25. Rxd7 Qxd7 26. Bh3 Rf8 27. e4 Qd3 28. e6
Be7 29. Bxf5 1-0

[Event "FRA Team Ch"]
[Site "Bischwiller"]
[Date "2001.02.03"]
[Round "2.6"]
[White "Mensch, Etienne"]
[Black "Popovic, Petar"]
[Result "1/2-1/2"]
[WhiteElo "2302"]
[BlackElo "2518"]
[Annotator "Strasbourg-Mulhouse"]
[PlyCount "30"]
[EventDate "2001.02.04"]

1. d4 Nf6 2. Bg5 d6 3. Bxf6 exf6 4. e3 f5 5. g3 Nd7 6. Bg2 Nf6 7. c4 g6 8. Nc3
Bg7 9. Nge2 O-O 10. O-O a5 11. b3 c6 12. Qd3 Re8 13. a3 Qe7 14. b4 Ne4 15. b5
Bd7 1/2-1/2

[Event "FRA Team Ch"]
[Site "Bischwiller"]
[Date "2001.02.03"]
[Round "2.7"]
[White "Benitah, Yohan"]
[Black "Roos, Jean-Luc"]
[Result "1/2-1/2"]
[WhiteElo "2345"]
[BlackElo "2264"]
[Annotator "Mulhouse-Strasbourg"]
[PlyCount "44"]
[EventDate "2001.02.04"]

1. d4 e6 2. c4 Nf6 3. Nc3 Bb4 4. e3 O-O 5. Bd3 c5 6. Nf3 d5 7. O-O Nc6 8. a3
Bxc3 9. bxc3 dxc4 10. Bxc4 Qc7 11. a4 b6 12. Ba3 Bb7 13. Bd3 Rfd8 14. Qe2 e5
15. e4 cxd4 16. cxd4 Nxd4 17. Nxd4 Rxd4 18. Bb2 Rdd8 19. f4 Qc5+ 20. Kh1 Ng4
21. Qxg4 Rxd3 22. Bxe5 Qf8 1/2-1/2

[Event "FRA Team Ch"]
[Site "Bischwiller"]
[Date "2001.02.03"]
[Round "2.8"]
[White "Harovelo, Ingmar"]
[Black "Marzolo, Cyril"]
[Result "1-0"]
[WhiteElo "2197"]
[BlackElo "2378"]
[Annotator "Strasbourg-Mulhouse"]
[PlyCount "65"]
[EventDate "2001.02.04"]

1. d4 d5 2. c4 Nc6 3. Nc3 dxc4 4. Nf3 e6 5. e4 Bb4 6. Bxc4 Nf6 7. e5 Nd5 8. Qd3
Na5 9. Bg5 Be7 10. Bxd5 Bxg5 11. Be4 Be7 12. O-O Bd7 13. Rad1 c6 14. a3 b5 15.
Nd2 b4 16. axb4 Bxb4 17. f4 g6 18. Nf3 Rb8 19. g4 c5 20. f5 Bxc3 21. Qxc3 gxf5
22. gxf5 exf5 23. Bd5 Ba4 24. dxc5 Bxd1 25. Rxd1 Kf8 26. Rd2 Rg8+ 27. Kf1 Qc7
28. c6 Qb6 29. e6 Qb4 30. c7 Qb5+ 31. Bc4 Nxc4 32. cxb8=Q+ Qxb8 33. Qxc4 1-0

[Event "FRA Team Ch"]
[Site "Bischwiller"]
[Date "2001.02.03"]
[Round "2.9"]
[White "Muller, Anne"]
[Black "Chapelle, Emilie"]
[Result "1/2-1/2"]
[WhiteElo "2208"]
[BlackElo "2060"]
[Annotator "Mulhouse-Strasbourg"]
[PlyCount "80"]
[EventDate "2001.02.04"]

1. e4 c5 2. Nf3 Nc6 3. d4 cxd4 4. Nxd4 d6 5. c4 g6 6. Nc3 Bg7 7. Be3 Nf6 8. Be2
O-O 9. Nb3 Be6 10. f3 Rc8 11. Rc1 Nd7 12. O-O b6 13. Qd2 Nc5 14. Nd4 Bd7 15.
Nd5 Ne6 16. Nxc6 Bxc6 17. Bf2 h6 18. Be3 Kh7 19. h4 Nc7 20. Bd3 e6 21. Nb4 Be8
22. h5 f5 23. hxg6+ Bxg6 24. exf5 Bxf5 25. Bxf5+ Rxf5 26. Nc6 Qd7 27. Nxa7 Rb8
28. Qf2 Ra5 29. Bxb6 Rxa2 30. Rc2 Rb7 31. Rd1 Qa4 32. Nc8 Rxb2 33. Rdc1 Rxc2
34. Qxc2+ Qxc2 35. Rxc2 Ne8 36. Be3 Rb1+ 37. Kf2 Rb2 38. Rxb2 Bxb2 39. Bf4 Bd4+
40. Ke2 Bc5 1/2-1/2

[Event "FRA Team Ch"]
[Site "Bordeaux"]
[Date "2001.03.29"]
[Round "2.1"]
[White "Komarov, Dimitri"]
[Black "Badea, Bela"]
[Result "1/2-1/2"]
[WhiteElo "2540"]
[BlackElo "2460"]
[Annotator "Drancy-Bordeaux-Echecs"]
[PlyCount "47"]
[EventDate "2001.??.??"]

1. d4 g6 2. c4 Bg7 3. e4 d6 4. Nc3 Nd7 5. Nf3 e5 6. Be2 f6 7. O-O Nh6 8. Rb1
O-O 9. b4 Nf7 10. c5 dxc5 11. bxc5 c6 12. d5 Qa5 13. Qb3 Kh8 14. Qa3 Qxc5 15.
Qxc5 Nxc5 16. Ba3 b6 17. dxc6 Nd8 18. Bxc5 bxc5 19. c7 Ne6 20. Nd5 a6 21. Rfc1
Ra7 22. Rb8 Bh6 23. Rc2 Kg8 24. Rcb2 1/2-1/2

[Event "FRA Team Ch"]
[Site "Bordeaux"]
[Date "2001.03.29"]
[Round "2.2"]
[White "Spraggett, Kevin"]
[Black "Godard, Maxence"]
[Result "1-0"]
[WhiteElo "2526"]
[BlackElo "2377"]
[Annotator "Bordeaux-Echecs-Drancy"]
[PlyCount "71"]
[EventDate "2001.??.??"]

1. c4 e5 2. g3 Nf6 3. Bg2 d5 4. cxd5 Nxd5 5. Nc3 Nb6 6. Nf3 Nc6 7. O-O Be7 8.
d3 g5 9. Be3 g4 10. Nd2 h5 11. a4 a5 12. Bxb6 cxb6 13. Nb5 Be6 14. Rc1 Rc8 15.
Nc4 h4 16. e3 hxg3 17. hxg3 f5 18. Qe2 O-O 19. Rfd1 Rf6 20. b3 f4 21. exf4 exf4
22. gxf4 Nd4 23. Nxd4 Qxd4 24. f5 Bc5 25. Be4 Bf7 26. Kg2 Rh6 27. Rh1 Bh5 28.
Nxb6 Rc7 29. Nd5 Rg7 30. Rxc5 Qxc5 31. Rxh5 Rxh5 32. Nf6+ Kf7 33. Nxh5 Rg5 34.
Ng3 b6 35. Qd2 Rg8 36. Qh6 1-0

[Event "FRA Team Ch"]
[Site "Bordeaux"]
[Date "2001.03.29"]
[Round "2.3"]
[White "Salaun, Yann"]
[Black "Seret, Jean-Luc"]
[Result "0-1"]
[WhiteElo "2391"]
[BlackElo "2358"]
[Annotator "Drancy-Bordeaux-Echecs"]
[PlyCount "79"]
[EventDate "2001.??.??"]

1. e4 g6 2. d4 d6 3. Nc3 a6 4. Nf3 Bg7 5. Be3 b5 6. Bd3 Bb7 7. O-O Nd7 8. Re1
c5 9. dxc5 Nxc5 10. Bxc5 dxc5 11. e5 Nh6 12. Be4 Qc7 13. Bxb7 Qxb7 14. Ne4 Rc8
15. Nf6+ Kf8 16. Nd7+ Ke8 17. Nf6+ Kf8 18. Ne4 Qc7 19. a4 Bxe5 20. axb5 axb5
21. Nxe5 Qxe5 22. Nc3 Qb8 23. Qe2 Nf5 24. Nxb5 h5 25. c4 Kg7 26. b3 Rhd8 27.
Ra7 Kg8 28. h3 e6 29. Qf3 Rf8 30. Rea1 Qe5 31. Rd1 Rcd8 32. Rad7 Ra8 33. g4
hxg4 34. hxg4 Nh4 35. Qh3 g5 36. R7d3 Ra2 37. Qe3 Qxe3 38. Rxe3 Rb2 39. Nd6 Rd8
40. Rdd3 {Temps} 0-1

[Event "FRA Team Ch"]
[Site "Bordeaux"]
[Date "2001.03.29"]
[Round "2.4"]
[White "Rainfray, Arnaud"]
[Black "Legky, Nikolay A"]
[Result "0-1"]
[WhiteElo "2390"]
[BlackElo "2477"]
[Annotator "Bordeaux-Echecs-Drancy"]
[PlyCount "54"]
[EventDate "2001.??.??"]

1. e4 e6 2. d4 d5 3. Nc3 Bb4 4. Nge2 Nf6 5. e5 Ne4 6. a3 Nxc3 7. Nxc3 Bxc3+ 8.
bxc3 O-O 9. Bd3 f5 10. g4 c5 11. gxf5 exf5 12. Qh5 Nc6 13. Bg5 Qa5 14. Bd2 Qc7
15. Qh4 cxd4 16. cxd4 Nxe5 17. Qf4 Nxd3+ 18. cxd3 Re8+ 19. Kd1 Qb6 20. Bc3 Bd7
21. Kd2 Rac8 22. Rab1 Qa6 23. Bb4 Bb5 24. Qxf5 Qh6+ 25. f4 Bxd3 26. Qxd3 Qxf4+
27. Kd1 Qg4+ 0-1

[Event "FRA Team Ch"]
[Site "Bordeaux"]
[Date "2001.03.29"]
[Round "2.5"]
[White "Doornbos, Yann"]
[Black "Garrido, Denis"]
[Result "0-1"]
[WhiteElo "2359"]
[BlackElo "2247"]
[Annotator "Drancy-Bordeaux-Echecs"]
[PlyCount "94"]
[EventDate "2001.??.??"]

1. d4 Nf6 2. c4 c5 3. d5 d6 4. Nc3 g6 5. e4 Bg7 6. Bd3 O-O 7. Nge2 e6 8. O-O
exd5 9. cxd5 b6 10. a4 Na6 11. h3 Nb4 12. Bb1 Ba6 13. Bg5 Qd7 14. f4 Rae8 15.
Rf2 h6 16. Bxf6 Bxf6 17. e5 dxe5 18. f5 Bxe2 19. Qxe2 e4 20. Bxe4 Bd4 21. Qf3
Re5 22. Rd1 Bxf2+ 23. Qxf2 Rfe8 24. Qh4 gxf5 25. Bb1 Qd6 26. Rf1 Qg6 27. Qf2
Nxd5 28. Bxf5 Rxf5 29. Qxf5 Nxc3 30. Qxg6+ fxg6 31. bxc3 Re3 32. Rf6 Kg7 33.
Rc6 Rxc3 34. Rc7+ Kf6 35. Rxa7 Rb3 36. Ra6 Ke5 37. a5 bxa5 38. Rxa5 Kd4 39. Ra6
c4 40. Rd6+ Ke3 41. Rxg6 c3 42. Re6+ Kd4 43. Rc6 Rb4 44. Kf2 Rc4 45. Rd6+ Ke5
46. Rd1 c2 47. Rc1 Kd4 0-1

[Event "FRA Team Ch"]
[Site "Bordeaux"]
[Date "2001.03.29"]
[Round "2.6"]
[White "Crut, Aurelien"]
[Black "Giffard, Nicolas"]
[Result "1-0"]
[WhiteElo "2303"]
[BlackElo "2393"]
[Annotator "Bordeaux-Echecs-Drancy"]
[PlyCount "73"]
[EventDate "2001.??.??"]

1. e4 c6 2. d4 d5 3. e5 Bf5 4. Nf3 e6 5. Be2 h6 6. O-O Ne7 7. Be3 Bh7 8. c3 Nd7
9. Nbd2 Nf5 10. g4 Nxe3 11. fxe3 Be7 12. Qe1 h5 13. Qf2 Bg6 14. Ne1 Bh4 15. Qf4
Bg5 16. Qg3 hxg4 17. Bxg4 Qe7 18. Ng2 O-O-O 19. Nf4 Bxf4 20. Rxf4 Rh6 21. Raf1
Rdh8 22. R1f2 Bf5 23. e4 dxe4 24. Nxe4 g6 25. Nd6+ Kb8 26. Bxf5 gxf5 27. Rg2
Rg6 28. Qf3 Nf8 29. Qf1 Rxg2+ 30. Qxg2 Ng6 31. Rf1 a6 32. Kh1 Rh4 33. b4 Rg4
34. Qh3 f6 35. Qh6 fxe5 36. dxe5 Kc7 37. Qe3 {Temps} 1-0

[Event "FRA Team Ch"]
[Site "Bordeaux"]
[Date "2001.03.29"]
[Round "2.7"]
[White "Buchy, Daniel"]
[Black "Pujos, Stephane"]
[Result "1/2-1/2"]
[WhiteElo "2185"]
[BlackElo "2269"]
[Annotator "Drancy-Bordeaux-Echecs"]
[PlyCount "83"]
[EventDate "2001.??.??"]

1. f4 g6 2. Nf3 Bg7 3. e4 d6 4. Bc4 c6 5. O-O d5 6. Bb3 dxe4 7. Ng5 Nh6 8. Qe2
O-O 9. Nxe4 a5 10. c3 a4 11. Bc2 Nf5 12. d4 b5 13. a3 Be6 14. Nbd2 Nd7 15. Nf3
Bc4 16. Bd3 Bxd3 17. Qxd3 Rc8 18. Qe2 Nd6 19. Nxd6 exd6 20. f5 Nf6 21. fxg6
hxg6 22. Bg5 Qe8 23. Rae1 Qxe2 24. Rxe2 Rfe8 25. Rfe1 Rxe2 26. Rxe2 Nd5 27. Bd2
f6 28. Re6 Rd8 29. Ne1 Kf7 30. Re2 Nb6 31. Nd3 Nc4 32. Bf4 Re8 33. Rxe8 Kxe8
34. g4 Kd7 35. Kf2 Ke6 36. Kf3 f5 37. h3 Bf8 38. Bg5 fxg4+ 39. hxg4 Bg7 40.
Nf4+ Kf7 41. Nd3 Bf8 42. Ke4 1/2-1/2

[Event "FRA Team Ch"]
[Site "Bordeaux"]
[Date "2001.03.29"]
[Round "2.1"]
[White "Fressinet, Laurent"]
[Black "Vaisser, Anatoly"]
[Result "0-1"]
[WhiteElo "2581"]
[BlackElo "2540"]
[Annotator "Montpellier-Auxerre"]
[PlyCount "90"]
[EventDate "2001.??.??"]

1. e4 e6 2. d4 d5 3. Nc3 Nf6 4. Bg5 Bb4 5. e5 h6 6. Be3 Ne4 7. Qg4 Kf8 8. a3
Bxc3+ 9. bxc3 c5 10. Bd3 h5 11. Qh3 Nxc3 12. dxc5 d4 13. Bd2 Qd5 14. f4 Nc6 15.
Bxc3 dxc3 16. Ne2 Qxc5 17. Be4 Bd7 18. Rd1 Be8 19. Qxc3 Qxc3+ 20. Nxc3 Na5 21.
O-O Rc8 22. Rd3 g6 23. Bf3 Kg7 24. Rf2 Rc7 25. Ne4 Ba4 26. Nc3 Rc4 27. g3 Rhc8
28. Nxa4 Rxa4 29. Rd7 Rxa3 30. Bxb7 Rb8 31. Ba6 Rb6 32. Bd3 Nb7 33. Rc7 Ra5 34.
Bc4 Rc5 35. Rxc5 Nxc5 36. Rf1 a5 37. Ra1 a4 38. Kf2 Rb2 39. Rc1 Nb3 40. Bxb3
axb3 41. Ke3 Rxc2 42. Rxc2 bxc2 43. Kd2 g5 44. fxg5 Kg6 45. Kxc2 Kf5 0-1

[Event "FRA Team Ch"]
[Site "Bordeaux"]
[Date "2001.03.29"]
[Round "2.4"]
[White "Bellon Lopez, Juan Manuel"]
[Black "Prie, Eric"]
[Result "1/2-1/2"]
[WhiteElo "2430"]
[BlackElo "2490"]
[Annotator "Auxerre-Montpellier"]
[PlyCount "105"]
[EventDate "2001.??.??"]

1. d4 d5 2. c4 c6 3. Nf3 Nf6 4. e3 a6 5. Bd3 Bg4 6. b3 Nbd7 7. Bb2 e6 8. Nbd2
Bb4 9. O-O O-O 10. Qc2 Kh8 11. a3 Ba5 12. Bc3 Bxc3 13. Qxc3 c5 14. cxd5 Nxd5
15. Qb2 Rc8 16. Rac1 Qe7 17. Be4 cxd4 18. Nxd4 Nc5 19. Bb1 e5 20. Nf5 Bxf5 21.
Bxf5 Rc6 22. Bb1 f6 23. Rfd1 Rd8 24. Ne4 Nxe4 25. Bxe4 Rxc1 26. Rxc1 Nb6 27. g3
Nc8 28. Qc3 Nd6 29. Bd3 g6 30. Qc7 Rd7 31. Qb6 Ne8 32. Be4 Qxa3 33. Rc8 Qe7 34.
Bxb7 Rxb7 35. Rxe8+ Qxe8 36. Qxb7 Qe6 37. e4 Kg8 38. h4 f5 39. h5 gxh5 40. exf5
Qxf5 41. Qxa6 Qb1+ 42. Kh2 Qxb3 43. Qc8+ Kg7 44. Qc7+ Kf6 45. Qxh7 Qf3 46. Qh6+
Kf7 47. Qh7+ Ke6 48. Qg8+ Kd6 49. Qb8+ Ke6 50. Qe8+ Kd6 51. Qb8+ Ke6 52. Qe8+
Kd6 53. Qb8+ 1/2-1/2

[Event "FRA Team Ch"]
[Site "Bordeaux"]
[Date "2001.03.29"]
[Round "2.6"]
[White "Boudre, Jean-Pierre"]
[Black "Flear, Glenn C"]
[Result "1-0"]
[WhiteElo "2355"]
[BlackElo "2476"]
[Annotator "Auxerre-Montpellier"]
[PlyCount "91"]
[EventDate "2001.??.??"]

1. e4 e5 2. Nf3 Nc6 3. Bb5 Nd4 4. Nxd4 exd4 5. O-O Bc5 6. Qh5 Qe7 7. d3 c6 8.
Ba4 d6 9. f4 a5 10. a3 Nf6 11. Qh4 b5 12. Bb3 a4 13. Ba2 Be6 14. Bxe6 fxe6 15.
Nd2 Nd5 16. Qxe7+ Nxe7 17. Nf3 Kd7 18. Bd2 Raf8 19. g3 h6 20. Kg2 Bb6 21. Rae1
Rf7 22. h4 h5 23. c3 c5 24. cxd4 cxd4 25. Rc1 Rff8 26. Rc2 Rc8 27. Rfc1 Rxc2
28. Rxc2 Rb8 29. Kh3 Bc5 30. g4 Rh8 31. gxh5 Rxh5 32. Be1 g6 33. Kg4 Nc6 34. e5
Bb6 35. exd6 Kxd6 36. Ng5 b4 37. Ne4+ Kc7 38. Bxb4 Rd5 39. Rc4 Kb7 40. Bc5 Bc7
41. Rxa4 e5 42. f5 gxf5+ 43. Kxf5 Rd8 44. b4 Rh8 45. b5 Nb8 46. Ra7+ 1-0